|
|
|
|
| LEADER |
01032cam a2200241 i 4500 |
| 001 |
2759973 |
| 003 |
GR-PaULI |
| 005 |
20210610092940.0 |
| 008 |
790321s1969 -us 000 1 eng |
| 952 |
|
|
|0 0
|1 0
|2 ddc
|4 0
|6 833_912000000000000_MAN
|7 0
|9 325785
|a LISP
|b LISP
|c DON
|d 2021-06-10
|e ΓΑΛ
|i 144653
|l 0
|o 833.912 MAN
|p 025000270780
|r 2021-06-10 00:00:00
|t 1
|w 2021-06-10
|y BKN
|
| 999 |
|
|
|c 182924
|d 182924
|
| 020 |
|
|
|a 0394704967
|
| 040 |
|
|
|a DLC
|c GR-PaULI
|d
|b gre
|e AACR2
|
| 041 |
1 |
|
|a eng
|h ger
|
| 082 |
0 |
4 |
|a 833.9/12
|2 23
|
| 100 |
1 |
|
|a Mann, Thomas,
|d 1875-1955
|9 7310
|e συγγραφέας.
|
| 245 |
1 |
0 |
|a Confessions of Felix Krull :
|b confidence man : [the early years] /
|c Thomas Mann ; translated from the German by Denver Lindley.
|
| 260 |
|
|
|a New York :
|b Vintage Books,
|c 1969.
|
| 300 |
|
|
|a 378 σ. ;
|c 18 εκ.
|
| 500 |
|
|
|a Τίτλος πρωτοτύπου: Bekenntnisse des Hochstaplers Felix Krull.
|
| 765 |
|
|
|i Μετάφραση του:
|t Bekenntnisse des Hochstaplers Felix Krul.
|
| 942 |
|
|
|2 ddc
|c BKN
|
| 998 |
|
|
|c ΜΠΟΥΡΑΣ
|d 2021-06
|